000 00693nam a2200217Ia 4500
003 GCL
008 140319s9999 xx 000 0 ara d
040 _aGCL /
_cGCL
082 0 4 _a650.1
_bع م
100 1 _aعبدالفتاح دياب حسين
245 1 0 _aالمدير المحترف وحلقات التميز /
_cعبدالفتاح دياب حسين
700 1 _aحشمت جبر
700 1 _aياسر فاروق
300 _a144 ص
490 _aسلسلة مطبوعات المجموعة الاستشارية العربي
_v0
650 0 4 _aالادارة
650 0 4 _aادارة الافراد
650 0 4 _aالقيادة
650 0 4 _aالمديرون
942 _2ddc
_cBK
999 _c49393
_d49393